[Event "16th Delhi GM Open 2018"]
[Site "Delhi"]
[Date "2018.01.12"]
[Round "6"]
[White "Ravi, Teja S"]
[Black "Amonatov, Farrukh"]
[Result "0-1"]
[WhiteElo "2375"]
[BlackElo "2636"]
[Annotator "TA"]
[PlyCount "185"]
[EventDate "2018.??.??"]
[EventType "swiss"]
[EventCountry "IND"]
[SourceTitle "playchess.com"]
[Source "ChessBase"]
[SourceQuality "1"]

{[%evp 12,185,21,18,63,63,86,84,86,85,86,81,93,87,92,89,135,62,84,51,58,52,66,62,61,53,79,85,75,66,84,81,84,7,7,8,71,28,36,45,45,15,56,0,0,1,0,0,0,-21,-21,-31,-27,-41,-41,-41,-27,-24,-21,-27,-8,-8,-8,-8,-8,-8,-8,-8,-8,-62,-62,-62,-62,-59,-61,-56,-27,-34,-27,-34,-27,-62,-56,-62,-50,-62,-62,-62,-62,-62,-62,-62,-62,-62,-62,-62,-62,-62,-62,-62,-62,-62,-62,-80,-79,-112,-97,-97,-83,-83,-83,-97,-97,-97,-97,-97,-97,-97,0,-97,0,-97,-97,-97,-44,-44,-44,-44,-44,-44,-36,-37,0,-44,-25,-44,-20,-44,-8,-12,-14,-12,-8,-8,-8,-8,0,-8,-8,-8,0,0,0,-8,0,0,0,-8,-8,-8,-8,-8,-8,-29942,0,-7,0,-8,0,-8,0,-12,0,-8,0,-12]} 1. d4 Nf6 2. Nf3 g6 3. Nc3 d5 4. Bf4 Bg7 5. e3 O-O 6. Be2 a6 7. Ne5 {LiveBook: 9 Games. D00: 1 d4 d5: Unusual lines} b6 (7... b5 8. a4 b4 9. Na2 a5 10. Nc1 Ne4 11. O-O f6 12. Ned3 Nd7 13. f3 Nd6 14. e4 dxe4 {1-0 (65) Baramidze,D (2601)-Loxine,J (2409) Germany 2017}) 8. h4 Bb7 9. h5 {White is better.} c5 10. hxg6 hxg6 11. Qd2 $146 ({Predecessor:} 11. Bg4 cxd4 12. exd4 Nc6 13. Nxc6 Bxc6 14. Qf3 Re8 {0-1 (48) Kriz,M (2176)-Spacek,O (2100) Slovakia 2017}) 11... Nc6 12. O-O-O b5 13. f3 (13. dxc5 $6 b4 $11) 13... Qa5 {[#]} 14. a3 ({Reject} 14. dxc5 $6 b4 $11) (14. Qe1 $1 $16) 14... Rfc8 15. dxc5 b4 16. Nxc6 (16. Nxd5 $2 Nxd5 17. Qxd5 Nxe5 $19) 16... Bxc6 17. Na2 Qxc5 18. Qxb4 Nd7 {[%cal Bf6d7,Bd7c5,Bc5a4][%mdl 32]} 19. Qxc5 Nxc5 20. Nb4 e6 21. Nxc6 Rxc6 22. Bd3 ({Better is} 22. c3 $16) 22... Na4 $11 23. c3 Rac8 (23... Rb6 $11 24. Rd2 e5) 24. Rd2 Bf6 25. Rc2 Rb6 26. Rd1 Be7 {...Nxb2! is the strong threat.} 27. Be5 (27. Rdd2 $14) 27... f6 $1 {[%cal Rf6e5]} 28. Bd4 Rxb2 $1 29. Rxb2 Bxa3 30. c4 ({Of course not} 30. Bxg6 e5 $17) 30... dxc4 31. Bc2 c3 32. Bxa4 {And now Kb1 would win.} cxb2+ 33. Kd2 {aiming for Bc2.} e5 34. Bxb2 Bxb2 {[%mdl 4096] Endgame KRB-KRB} 35. Rb1 Bc3+ 36. Kd3 {Black must now prevent Rc1.} Ba5 37. Bb3+ Kg7 38. Bc4 Rd8+ 39. Ke2 Rd6 40. Ra1 (40. Rb7+ $11 Kh6 41. g4) 40... Rd2+ $15 41. Kf1 Bb6 42. Rxa6 Bxe3 43. Ra2 Rd7 44. Ke2 Bd4 45. Bd3 Rb7 46. Rc2 Kh6 47. g3 Ra7 48. Kf1 Ra3 49. Be4 f5 50. Bc6 Kg5 51. Kg2 Ra1 52. Re2 Rc1 53. Bb7 Kf6 54. Bd5 Rc5 55. Bb3 Rc3 56. Bd5 Bc5 57. Ba2 Bd6 58. g4 Bc5 59. Bd5 Bd4 60. gxf5 gxf5 61. Kg3 Kg5 62. Bb7 Be3 63. Rg2 Rc1 64. Re2 Rc3 65. Rg2 $1 Rc1 66. Re2 $1 Bd4 67. Rg2 Re1 {[#]} (67... Rc7 $17 68. Bd5 Rc5) 68. f4+ $1 {[%mdl 512]} exf4+ 69. Kf3+ Kf6 {Hoping for ...Re3+.} 70. Kxf4 Rf1+ 71. Bf3 Re1 {[%csl Ge1,Gf6][%cal Rd4e5]} (71... Rb1 {is more complex.} 72. Rd2 Rb4 73. Kg3 Be5+ 74. Kf2 Bc3) 72. Be2 (72. Bb7 {with more complications.}) 72... Ra1 73. Bd3 Ra4 74. Kf3 Be5 75. Rg8 Bd6 76. Rd8 Rd4 77. Bc2 Kg5 78. Rg8+ Kf6 79. Rd8 Rd2 80. Bb1 Ke6 81. Re8+ Kf6 82. Rd8 Ke6 83. Re8+ Kd7 84. Re3 Rd5 85. Ba2 Ra5 86. Be6+ Kd8 87. Ba2 $2 {[%mdl 8192]} (87. Bb3 $11) 87... Kd7 $2 (87... Rxa2 {mates} 88. Rc3 Kd7 89. Re3 Ra3 90. Rxa3 Bxa3 91. Kf4 Ke6 92. Kg3 Ke5 93. Kf2 Ke4 94. Kg3 Bc5 95. Kg2 f4 96. Kf1 f3 97. Ke1 Kd3 98. Kf1 f2 99. Kg2 Ke2 100. Kh3 f1=Q+ 101. Kh4 Be7+ 102. Kg3 Ke3 103. Kh2 Bd6#) 88. Be6+ $11 {The position is equal.} Kd8 89. Bb3 Kd7 90. Be6+ Kd8 91. Bb3 Kd7 92. Be6+ Kd8 93. Bb3 {[%mdl 32768] Precision: White = 60%, Black = 45%. . Loss on Time!?} 0-1

[Event "16th Delhi GM Open 2018"]
[Site "Delhi"]
[Date "2018.01.12"]
[Round "6"]
[White "Gomes, Mary Ann"]
[Black "Pruijssers, Roeland"]
[Result "1/2-1/2"]
[WhiteElo "2328"]
[BlackElo "2536"]
[Annotator "TA"]
[PlyCount "157"]
[EventDate "2018.??.??"]
[EventType "swiss"]
[EventCountry "IND"]
[SourceTitle "playchess.com"]
[Source "ChessBase"]
[SourceQuality "1"]

{[%evp 9,157,16,37,18,84,-22,-27,-29,-12,-16,-14,-28,-24,-37,0,0,14,-36,-41,-44,-46,-228,-39,-39,-39,-39,-39,-45,-47,-40,-42,-41,-47,-49,-18,-37,-41,-50,-19,-28,-14,-11,0,0,0,0,15,-32,-24,-39,-24,-24,-24,-20,-6,-6,-6,-13,-7,-9,0,-26,0,0,0,-4,0,-1,0,0,0,0,0,-4,0,-28,-13,-26,0,0,0,0,0,0,0,0,0,0,0,0,0,0,0,0,0,0,0,0,0,0,0,0,0,0,0,0,0,0,0,0,0,0,0,0,0,0,0,0,0,0,0,0,0,0,0,0,0,0,0,0,0,0,0,0,0,0,0,0,0,0,0,0,0,0,0,0,0,0,0,0]} 1. Nf3 g6 2. c4 f5 3. d4 Nf6 4. Nc3 Bg7 5. h4 (5. e3 O-O 6. Be2 e6 7. O-O b6 8. b3 Bb7 9. Ba3 Re8 10. Rc1 d6 11. c5 a6 12. cxd6 cxd6 13. Nd2 b5 {½-½ (24) Bruzon Batista,L (2643)-Anton Guijarro,D (2654) Linares 2017}) 5... O-O 6. Bg5 {A85: Dutch Defence: 2 c4 Nf6 3 Nc3} Ng4 {[#]} (6... d6 $11) 7. Ne5 $146 (7. c5 $1 $16) ({Predecessor:} 7. c5 h6 8. Qb3+ Kh8 9. Rd1 Nc6 10. d5 Na5 11. Qb4 b6 12. cxb6 axb6 13. Bxe7 c5 {½-½ (27) Charkhalashvili,I (2278)-Kosintseva,T (2390) Athens 2001}) 7... Nxe5 $11 8. dxe5 {Black has an edge.} Nc6 9. Qd5+ Rf7 10. f4 d6 11. O-O-O Qe8 ({Black should play} 11... h6 $15 12. h5 gxh5) 12. h5 gxh5 $1 13. Qf3 h6 14. Qxh5 hxg5 15. Qh7+ $1 Kf8 {[#] Threatens to win with ...Qd7.} 16. Qh8+ $1 {[%mdl 512]} Bxh8 17. Rxh8+ Kg7 18. Rxe8 gxf4 19. e6 Rf8 20. Rxf8 Kxf8 21. Nd5 Kg7 22. Nxc7 Rb8 23. e3 fxe3 {Black wants to play ...Kf6.} 24. Re1 $1 b6 {With the idea ...Rb7.} 25. Rxe3 Rb7 26. Nd5 Ne5 27. Rg3+ Ng4 28. Ne3 (28. c5 $5 dxc5 29. Ba6 $11) 28... Bxe6 29. Nxf5+ Bxf5 30. Be2 Rc7 31. b3 b5 32. Bxg4 Bxg4 33. Rxg4+ {[%mdl 4096] Endgame KR-KR} Kf6 34. Kd2 bxc4 35. bxc4 e5 36. Kd3 Rc5 {next ...Ra5 is good for Black.} 37. Kc3 Rc6 38. Rh4 Kg5 39. g3 Ra6 40. Kb3 Rb6+ 41. Kc2 Kf5 42. Kc3 Ra6 43. Rh6 Rxa2 44. Rxd6 {The position is equal.} Ra3+ 45. Kd2 Rxg3 46. Ra6 Rg7 47. Ke3 Rh7 48. c5 Rc7 49. Ra5 Rb7 50. Ra6 Rh7 51. Ra5 Rg7 52. Ra6 Rd7 53. c6 Rh7 (53... Re7 {is interesting.} 54. Ra5 Rc7 55. Ra6 Rh7 56. Kd3 Ke6) 54. Ra5 Ke6 55. Ke4 Kd6 56. Ra6 Rc7 57. Ra1 Re7 58. Rc1 Kc7 59. Rc5 Re6 60. Rxe5 Rxc6 61. Kd4 Kb6 62. Re3 Kb5 63. Rb3+ Ka4 64. Rb1 a5 (64... Rc7 {seems wilder.} 65. Rb2 Ka5 66. Rb1 Ka4) 65. Ra1+ Kb5 {White must now prevent ...a4.} 66. Rb1+ Ka6 67. Ra1 Rc8 68. Kd3 Rc5 69. Kd4 Rc7 (69... Kb6 {with more complications.} 70. Rb1+ Kc6 71. Ra1 Kd6 72. Rg1 Rd5+) 70. Kd3 Rc8 71. Kd4 Rc2 72. Kd3 Rc5 73. Kd4 Rh5 (73... Rc6 {is interesting.} 74. Kd3 Rc7 75. Kd2 Kb6 76. Rb1+ Ka7) 74. Kc4 Rh4+ 75. Kb3 Kb5 76. Rg1 a4+ 77. Ka3 Rh3+ 78. Ka2 Kb4 79. Rg4+ {Precision: White = 78%, Black = 47%.} 1/2-1/2

[Event "16th Delhi GM Open 2018"]
[Site "Delhi"]
[Date "2018.01.12"]
[Round "6"]
[White "Roy Chowdhury, Saptarshi"]
[Black "Tukhaev, Adam"]
[Result "1/2-1/2"]
[WhiteElo "2318"]
[BlackElo "2570"]
[Annotator "TA"]
[PlyCount "41"]
[EventDate "2018.??.??"]
[EventType "swiss"]
[EventCountry "IND"]
[SourceTitle "playchess.com"]
[Source "ChessBase"]
[SourceQuality "1"]

{[%evp 18,41,23,32,57,56,67,43,41,0,0,0,0,0,0,0,0,0,0,-32,-12,-12,-15,-13,-14,-14]} 1. e4 c5 2. Nf3 e6 3. d3 Nc6 4. g3 g6 5. Bg2 Bg7 6. c3 e5 {B30: Sicilian: 2...Nc6 3 Bb5, lines without ...g6} 7. O-O Nge7 8. a3 a5 (8... O-O 9. b4 d6 10. Nbd2 h6 11. b5 Na5 12. c4 Be6 13. a4 b6 14. Nb1 f5 15. Bd2 fxe4 16. Bxa5 exf3 17. Bxf3 bxa5 18. Bxa8 Qxa8 19. f3 e4 {0-1 (19) Kozul,Z (2613)-Leko,P (2693) Tallinn 2016}) 9. a4 O-O 10. Na3 {[%cal Bb1a3,Ba3b5,Bb5d6,Bd6c4][%mdl 32] LiveBook: 12 Games} d5 11. exd5 Nxd5 12. Re1 Bf5 13. Nh4 $146 ({Predecessor:} 13. Nc4 Re8 14. Ng5 Ra7 15. Ne4 Bf8 16. Ne3 Be6 17. Nxd5 Bxd5 18. Qf3 {1-0 (53) Brendel,O (2378)-Akcan,U (2167) Istanbul 2003}) 13... Be6 14. Nf3 h6 15. Nb5 Qf6 16. Nd6 Qe7 17. Nc4 {[%cal Rf3e5]} Qc7 18. Qb3 Rad8 19. Bd2 {The position is equal.} Rd7 20. Rad1 Rfd8 21. Bc1 1/2-1/2

[Event "16th Delhi GM Open 2018"]
[Site "Delhi"]
[Date "2018.01.12"]
[Round "6"]
[White "Koustav Chatterjee"]
[Black "Nguyen, Duc Hoa"]
[Result "1-0"]
[WhiteElo "2288"]
[BlackElo "2490"]
[Annotator "TA"]
[PlyCount "28"]
[EventDate "2018.??.??"]
[EventType "swiss"]
[EventCountry "IND"]
[SourceTitle "playchess.com"]
[Source "ChessBase"]
[SourceQuality "1"]

{[%evp 9,28,0,26,22,62,54,70,70,70,66,72,50,44,34,50,48,55,36,51,51,1014]} 1. d4 Nf6 2. Bf4 c5 3. d5 Qb6 (3... d6 4. Nc3 e5 5. Bd2 Bf5 6. h3 Nbd7 7. g4 Be4 8. f3 Bg6 9. e4 a6 10. a4 Be7 {0-1 (35) Vachier Lagrave,M (2795)-Grischuk,A (2750) chess.com INT 2017}) 4. Nc3 d6 5. Rb1 $146 ({Vorgänger:} 5. a4 Bd7 6. a5 Qb4 7. Bd2 g6 8. e3 Na6 9. f3 Qh4+ 10. g3 Qh5 {1-0 (40) Maris,I (2332)-Hng,E (2061) Vlissingen 2017}) 5... e5 6. Bd2 {A45: Damenbauernspiele (Trompowski-Angriff)} Bf5 7. f3 a6 8. e4 Bg6 9. Bc4 Be7 10. Nge2 Nbd7 {Weiß steht etwas besser.} 11. O-O h5 12. a4 h4 13. Ra1 Nh5 14. a5 Qxa5 $2 {[%mdl 8192]} (14... Qd8 $14) 1-0

[Event "16th Delhi GM Open 2018"]
[Site "Delhi"]
[Date "2018.01.12"]
[Round "6"]
[White "Neelash Saha"]
[Black "Deviatkin, Andrei"]
[Result "1/2-1/2"]
[WhiteElo "2105"]
[BlackElo "2471"]
[Annotator "TA"]
[PlyCount "108"]
[EventDate "2018.??.??"]
[EventType "swiss"]
[EventCountry "IND"]
[SourceTitle "playchess.com"]
[Source "ChessBase"]
[SourceQuality "1"]

{[%evp 9,108,33,41,38,97,29,45,40,48,26,32,25,62,89,117,99,82,92,80,58,58,61,56,48,47,55,54,44,51,47,97,95,107,82,82,89,89,89,85,84,85,85,89,84,87,19,18,29,29,0,0,0,0,0,0,0,0,-6,0,-1,0,0,0,0,0,0,0,0,0,0,0,0,0,0,0,0,0,0,0,-31,0,0,0,0,0,0,0,0,0,0,0,0,0,0,0,0,0,0,0,0,0]} 1. d4 Nf6 2. Bf4 g6 3. Nc3 c5 (3... d5 4. e3 Bg7 5. Nb5 Na6 6. h3 c6 7. Nc3 Qb6 8. Rb1 O-O 9. Bd3 Nb4 10. Nf3 Nxd3+ 11. cxd3 {½-½ (26) Rapport,R (2707)-Grischuk,A (2772) Riadh 2017}) 4. dxc5 Qa5 5. Qd2 Bg7 6. e4 {A45: Trompowsky Attack} O-O ({Black should try} 6... Qxc5 $14 7. Nf3 Nc6) 7. f3 (7. e5 $16 Ng4 8. Nd5 Qxd2+ 9. Bxd2) 7... Qxc5 $11 8. O-O-O {White is slightly better.} Nc6 $146 ({Predecessor:} 8... d6 9. Nge2 Nc6 10. Be3 Qa5 11. Kb1 b5 12. Nd4 Nxd4 13. Bxd4 b4 14. Bxf6 bxc3 15. Qxc3 Qxc3 16. Bxc3 Bxc3 17. bxc3 {½-½ (47) Drazic,S (2474)-Pap,M (2413) Backa Palanka 2002}) 9. Be3 Qa5 10. Bc4 Qb4 11. Bb3 Na5 12. e5 Ne8 13. Nd5 Qxd2+ 14. Rxd2 Nc6 15. Bg5 Bxe5 16. Nxe7+ Nxe7 17. Bxe7 Bf4 18. Nh3 Bxd2+ 19. Kxd2 Nc7 20. Ng5 {Black must now prevent Nxh7!} Ne6 21. Bxe6 (21. Bxf8 {with more complications.} Kxf8 22. Nxh7+ Kg7 23. Bxe6 dxe6 24. Ng5) 21... dxe6 22. Bxf8 Kxf8 23. Nxh7+ $16 {[%mdl 4096] Endgame KRB-KRN} Ke7 24. Ng5 e5 25. Re1 f6 26. Ne4 Bd7 27. f4 (27. c4 $16) 27... exf4 28. Nc5+ Kf7 29. Nxd7 $11 {[#] Strongly threatening Nc5. KRN-KR} Rd8 30. Re4 Rxd7+ {KR-KR} 31. Ke2 g5 32. g3 f5 33. Ra4 fxg3 34. hxg3 a6 35. Rc4 Kf6 36. Rc8 Re7+ 37. Kf3 Rd7 38. Ke2 Re7+ 39. Kf3 g4+ 40. Kf2 Rd7 41. Ke3 Rd1 42. Rf8+ Ke6 43. Re8+ Kd7 44. Re5 Re1+ 45. Kf4 {The position is equal.} Rf1+ 46. Kg5 Rf3 47. Rxf5 Rxg3 48. Rf4 Rg2 49. Rc4 b5 50. Rc3 Kd6 51. a4 b4 52. Rc4 $1 a5 53. Kf4 Kd5 54. Rc8 b3 {Precision: White = 74%, Black = 74%.} 1/2-1/2

[Event "16th Delhi GM Open 2018"]
[Site "Delhi"]
[Date "2018.01.12"]
[Round "6"]
[White "Shrutarshi Ray"]
[Black "Vignesh N R"]
[Result "0-1"]
[WhiteElo "1888"]
[BlackElo "2470"]
[Annotator "TA"]
[PlyCount "66"]
[EventDate "2018.??.??"]
[EventType "swiss"]
[EventCountry "IND"]
[SourceTitle "playchess.com"]
[Source "ChessBase"]
[SourceQuality "1"]

{[%evp 19,66,7,53,45,57,52,60,44,44,43,36,33,45,37,47,31,45,17,29,28,37,0,0,0,33,0,0,0,25,19,19,19,16,-54,213,0,12,-57,-56,-39,-47,-129,-105,-513,0,-119,0,-209,-204]} 1. e4 c5 2. Nf3 d6 3. d4 cxd4 4. Nxd4 Nf6 5. f3 e6 6. c4 Be7 7. Nc3 O-O 8. Be2 a6 9. Be3 Nbd7 10. O-O Qc7 (10... d5 $5) 11. Rc1 {B41: Sicilian: Kan Variation: 5 c4} b6 12. Qd2 Bb7 13. a3 {White is slightly better.} (13. Rfd1 Rfc8 14. b4 Rab8 15. a3 Ne5 16. Na4 h6 17. Bf1 Qd8 18. Kh1 Nfd7 19. Qf2 Bh4 20. Qd2 Be7 21. Qf2 {1-0 (44) Karjakin,S (2753)-Yu,Y (2736) Heixiazi 2015}) 13... Rac8 14. b4 Qb8 15. Na4 Bd8 16. Kh1 Bc7 17. g3 $146 ({Predecessor:} 17. Bg1 Rfe8 18. Rc2 Rcd8 19. Rb1 {1-0 (68) Sakai,K (2483)-Koch,C (2222) Chessfriend.com 2003}) 17... Ne5 18. Nb2 Neg4 19. Bg1 ({Avoid the trap} 19. fxg4 $2 Nxe4 20. Nf3 Nxd2 $19) 19... Ne5 20. Be3 Neg4 21. Bg1 ({Wrong is} 21. fxg4 $2 Nxe4 22. Nf3 Nxd2 $19) 21... Ne5 22. Be3 Neg4 23. Bg1 ({Don't blunder} 23. fxg4 $2 Nxe4 24. Nf3 Nxd2 $19) 23... Rfe8 24. Nd3 Qa8 25. Qd1 Ne5 26. Be3 {[#]} ({White should play} 26. Kg2 $11) 26... Neg4 $2 {[%mdl 8192]} (26... Bxe4 $1 $15 {[%mdl 512] stays ahead.} 27. Nf4 (27. fxe4 Qxe4+) 27... Bb7) 27. Bg1 $2 (27. fxg4 $18 {Black must now prevent Nf2.} b5 28. Nf2) 27... Ne5 $11 28. Be3 {[#]} (28. Kg2 $11) 28... Bxe4 $1 $15 {[%mdl 512]} 29. Nxe5 $1 (29. fxe4 Qxe4+) 29... dxe5 30. Nb3 (30. Nxe6 $1 $15 Rxe6 31. fxe4) 30... Bc6 31. Nd4 $2 {[%mdl 8192]} (31. Kg1 $17 {is a better chance.}) 31... Be4 $2 (31... Rcd8 $19 {has better winning chances.} 32. Kg1 exd4) 32. Nb3 $17 Bc6 (32... Ng4 $17 33. Qd2 Red8) 33. b5 $2 (33. Nd4 $1 $11) 33... axb5 {Precision: White = 30%, Black = 46%.} 0-1

[Event "16th Delhi GM Open 2018"]
[Site "Delhi"]
[Date "2018.01.14"]
[Round "8"]
[White "Naiditsch, Arkadij"]
[Black "Karthikeyan, Murali"]
[Result "1-0"]
[WhiteElo "2701"]
[BlackElo "2580"]
[Annotator "TA"]
[PlyCount "57"]
[EventDate "2018.??.??"]
[EventType "swiss"]
[EventCountry "IND"]
[SourceTitle "playchess.com"]
[Source "ChessBase"]
[SourceQuality "1"]

{[%evp 23,57,0,48,47,45,37,44,42,55,37,37,42,56,47,94,89,120,105,116,131,126,130,129,136,139,133,131,122,151,179,406,390,391,388,573,562]} 1. e4 e5 2. Nf3 Nc6 3. Bb5 Nf6 4. O-O Nxe4 5. d4 Nd6 6. Bxc6 dxc6 7. dxe5 Nf5 8. Qxd8+ Kxd8 9. h3 Ke8 10. Nc3 h5 {C67: Ruy Lopez: Berlin Defence: 4 0-0 Nxe4} 11. Bf4 Be6 12. Ng5 Be7 {LiveBook: 3 Games. The position is equal.} 13. Nxe6 fxe6 14. Rad1 g5 15. Bc1 g4 {[#]} 16. Kh2 $146 ({Predecessor:} 16. Rd3 Rd8 17. Rfd1 Kf7 18. hxg4 hxg4 {1-0 (20) Wei,Y (2709)-Fang,Y (2503) Shenzhen 2016}) 16... Rg8 17. Ne4 Rc8 18. g3 Kf7 19. Rd7 Kg6 20. Rfd1 Rgd8 21. c3 b6 22. h4 Rxd7 23. Rxd7 Kf7 24. Nf6 Kg6 {[#]} 25. Bg5 $1 c5 26. Ne4 Rf8 $2 (26... Bf8 27. Bf6 Nh6) 27. Rxc7 $18 (27. Bxe7 Rf7 $16) (27. Rxe7 Nxe7 28. Bxe7 Rf7 $14) 27... Bxg5 28. Nxg5 Rd8 (28... Nh6 $142 29. Kg2 (29. Nxe6 Rxf2+ 30. Kg1 Rxb2 $16) 29... Kf5) 29. Rf7 {Precision: White = 91%, Black = 30%.} 1-0

[Event "16th Delhi GM Open 2018"]
[Site "Delhi"]
[Date "2018.01.14"]
[Round "8"]
[White "Gareyev, Timur"]
[Black "Sammed Jaykumar, Shete"]
[Result "0-1"]
[WhiteElo "2605"]
[BlackElo "2337"]
[Annotator "TA"]
[PlyCount "78"]
[EventDate "2018.??.??"]
[EventType "swiss"]
[EventCountry "IND"]
[SourceTitle "playchess.com"]
[Source "ChessBase"]
[SourceQuality "1"]

{[%evp 10,78,4,-19,37,7,13,4,3,-23,-11,-16,-11,-17,-2,-2,-30,-9,0,0,0,0,11,6,10,-18,-27,-43,-18,-81,-38,-87,-66,-112,-44,-35,-7,-25,-18,-67,15,14,27,30,35,42,50,49,43,14,78,82,85,-178,-160,-949,-949,-949,-942,-942,-937,-942,0,0,0,-934,-929,-920,-920,-920,-886]} 1. d4 Nf6 2. c3 g6 3. Bg5 Bg7 4. e3 d5 5. Nd2 Nbd7 6. f4 {LiveBook: 18 Partien. D00: Damenbauernspiele} Nb6 $146 (6... c5 $11) ({Vorgänger:} 6... c5 7. Bd3 Qb6 8. Rb1 h6 9. Bh4 g5 10. fxg5 hxg5 11. Bxg5 e5 {1-0 (25) Andreikin,D (2705)-Morozevich,A (2665) Sochi 2017}) 7. Ngf3 Bf5 8. h3 {Die Stellung ist ausgeglichen.} Ne4 9. g4 Ng3 10. Rg1 (10. Bb5+ {feels hotter.} c6 11. Bxc6+ bxc6 12. Rg1 Ne4 13. gxf5 Nd6 14. Qe2) 10... Nxf1 11. Nxf1 Be4 (11... Bd7 {seems wilder.} 12. N1d2 a6 13. Qe2 Bb5 14. Qf2 a5) 12. Ng3 $1 Bxf3 (12... f6 $5 13. Bh4 $8 Bxf3 14. Qxf3 c6 $11) 13. Qxf3 Qd7 14. f5 O-O-O 15. O-O-O f6 16. Bf4 e6 17. h4 Rde8 18. fxe6 Rxe6 19. b3 (19. Rde1 $1 $11) 19... Rhe8 (19... a5 {with more complications.} 20. a4 h6 21. e4 Rhe8 22. Qf2 Rc6) 20. Kb1 Bf8 21. Rge1 Ba3 (21... a5 $1 $17) 22. Re2 $15 a5 23. Rde1 Qc6 24. Kc2 Qb5 ({Besser ist} 24... a4 $15) 25. e4 $11 dxe4 26. Rxe4 Qd7 27. c4 Bb4 28. R1e2 Kb8 29. h5 Ka7 (29... Rxe4 $11 {bleibt in der Remisbreite.} 30. Rxe4 Rxe4 31. Qxe4 Nc8) 30. Rxe6 $16 Rxe6 31. Be3 $2 {[%mdl 8192] [#]} (31. d5 $16 {und es läuft.} Re7 32. Be3) 31... Nxc4 $1 $19 {[%mdl 512]} 32. bxc4 $2 (32. Bf2 $17 Nb6 33. Kb2) 32... Qa4+ 33. Kb1 Qd1+ 34. Kb2 Rb6 {( -> ...Ld2+)} 35. d5 {[#]} Bc5+ $2 (35... Ba3+ $1 $19 {[%mdl 512]} 36. Kc3 (36. Kxa3 Qd3+) 36... Bb2+ $1 {[%mdl 512]} 37. Rxb2 Qxf3) 36. Kc3 $11 Bb4+ $2 $40 {[%mdl 8320] Schwarz startet einen Angriff.} (36... Qa1+ $11 37. Kd3 Qd1+ 38. Kc3 Bb4+ 39. Kb2 {[#]} Ba3+ $1 {[%mdl 512]} 40. Kc3 Bb2+ $1 {[%mdl 512]} 41. Rxb2 Qxf3) 37. Kb2 $19 {[#]} Ba3+ $1 {[%mdl 512] Schwarz steht klar auf Gewinn.} 38. Kc3 {[#]} (38. Kxa3 Qd3+) 38... Bb2+ $1 {[%mdl 512]} 39. Rxb2 Qxf3 {Precision: Weiß = 37%, Schwarz = 42%.} 0-1

[Event "16th Delhi GM Open 2018"]
[Site "Delhi"]
[Date "2018.01.14"]
[Round "8"]
[White "Rozum, Ivan"]
[Black "Rahman, Ziaur"]
[Result "0-1"]
[WhiteElo "2595"]
[BlackElo "2472"]
[Annotator "TA"]
[PlyCount "102"]
[EventDate "2018.??.??"]
[EventType "swiss"]
[EventCountry "IND"]
[SourceTitle "playchess.com"]
[Source "ChessBase"]
[SourceQuality "1"]

{[%evp 19,102,0,11,-3,0,0,17,18,9,14,14,8,21,0,12,0,0,0,0,0,0,-63,12,0,0,-7,0,-52,-51,-49,-55,-62,-31,-52,-47,-91,-98,-91,-92,-112,-104,-145,-150,-136,-133,-208,-232,-268,-248,-268,-271,-264,-238,-249,-232,-558,-484,-481,-483,-460,-458,-504,-514,-491,-506,-496,-482,-947,-924,-29979,-29980,-29980,-29981,-29981,-29982,-29982,-29983,-29992,-29993,-29993,-29994,-29995,-29994,-29994,-29995]} 1. Nf3 d5 2. g3 c6 3. Bg2 Bg4 4. c4 e6 5. O-O Nd7 6. cxd5 exd5 7. h3 {A11: English Opening: 1...c6} (7. d3 Ngf6 8. Nc3 Bc5 9. h3 Bxf3 10. Bxf3 O-O 11. e4 dxe4 12. dxe4 Qc7 13. Kg2 Rfe8 14. Qc2 Qe5 15. Bf4 Qe7 16. Kh2 Ne5 17. Bg2 Bd4 18. Ne2 {½-½ (66) Anand,V (2779)-Mchedlishvili,M (2601) Doha 2016}) 7... Bxf3 8. Bxf3 Ngf6 9. d3 Bc5 10. Qc2 O-O {LiveBook: 7 Games} 11. e4 $146 ({Predecessor:} 11. Bg2 Re8 12. e3 Qe7 13. Nd2 Nf8 14. Nf3 a5 15. a3 a4 {½-½ (46) Erdos,V (2621)-Van Kampen,R (2641) Germany 2015}) 11... Bb6 12. Nc3 Nc5 13. exd5 Nxd5 14. Nxd5 cxd5 15. Be3 Rc8 16. Rfc1 Qd7 17. Qd1 Rc6 18. Rc2 Ne6 19. Bxb6 Rxb6 20. Bg2 ({White should try} 20. d4 $11) 20... Rc6 (20... Nd4 $15 21. Rc5 Qe7 22. Rxd5 Ne2+ 23. Kh2 Rxb2) 21. Rxc6 bxc6 22. Qa4 Qb7 23. b3 ({Better is} 23. Rd1 $11) 23... Qb6 $1 $15 24. Qa3 Nd4 {Strongly threatening ...Nc2.} 25. Qe7 a5 26. Re1 Qb4 27. Qxb4 axb4 {[%mdl 4096] Endgame KRB-KRN} 28. Re7 Rb8 29. Ra7 g5 $1 30. Kf1 h5 $1 {[%cal Bh7h5,Bh5h4][%mdl 32]} 31. Ra6 Kg7 32. f4 {[#]} (32. a3 $17) 32... h4 $1 $19 {[%cal Rh4g3]} 33. Kf2 {[#]} Re8 $1 {[%cal Re8e2]} 34. Bf1 hxg3+ 35. Kxg3 Re3+ 36. Kg2 gxf4 {[%cal Bg5f4,Bf4f3][%mdl 32]} 37. Rb6 $2 (37. Kf2 {is tougher.}) 37... Re1 38. Rxb4 c5 39. Ra4 Rd1 40. Kg1 Rd2 {( -> ...Nf3+)} 41. Bg2 f3 42. Bf1 Kf6 43. b4 (43. h4 $142 Ke5 44. b4) 43... cxb4 44. Rxb4 Ke5 {Black mates.} 45. Rb7 f5 46. h4 Nc2 47. h5 Ne3 48. Rb1 Kf4 49. h6 Kg3 50. Rb7 Rh2 {[%csl Gg3,Gh2][%cal Rf3f2]} 51. Rg7+ Ng4 {Precision: White = 32%, Black = 77%.} 0-1